=LDR 00000nam 2200000 4500 =001 INLIS000000000022743 =005 20130612121454 =008 ***********************************Ind** =035 ##$$0010-061300000022743 =041 ##$$a Ind =082 ##$$a 297.72 =090 ##$$a 297.72, Alj L =100 ##$$a Al jauzi, ibnu =245 ##$$a Lemah lembut dalm memberi nasehat, Ibnu aL jauzi =260 ##$$a 2006 $b Jakarta =300 ##$$a 240 hlm, ilus, 21 cm =650 ##$$a Da'wah islam =850 ##$$a NBPNMAT